Statistics for Најмање државе по површини и броју становника

Click here to take the quiz!

General Stats

  • This quiz has been taken 571 times
  • The average score is 12 of 24

Answer Stats

Држава% Correct
Ватикан
98%
Сан Марино
95%
Монако
87%
Андора
82%
Лихтенштајн
79%
Малта
62%
Тувалу
48%
Палау
47%
Сент Луција
47%
Науру
46%
Тонга
40%
Сејшели
39%
Сент Винсент и Гренадини
38%
Сингапур
38%
Малдиви
37%
Самоа
36%
Барбадос
35%
Сент Китс и Невис
34%
Антигва и Барбуда
34%
Гренада
33%
Кирибати
33%
Доминика
30%
Маршалска острва
28%
Микронезија
24%

Score Distribution

Percentile by Number Answered

Percent of People with Each Score

Your Score History

You have not taken this quiz